[Event "La Plata"]
[Site "La Plata"]
[Date "1997.??.??"]
[Round "7"]
[White "Panno, Oscar"]
[Black "Rossetto, Hector"]
[Result "1-0"]
[WhiteElo "2450"]
[BlackElo "2285"]
[PlyCount "85"]
[EventDate "1997.11.??"]
[EventType "tourn"]
[EventRounds "9"]
[EventCountry "ARG"]
[EventCategory "8"]
[SourceTitle "CBM 062 Extra"]
[Source "ChessBase"]
[SourceDate "1998.03.09"]
[SourceVersion "1"]
[SourceVersionDate "1998.03.09"]
[SourceQuality "1"]

1. c4 Nf6 2. Nf3 e6 3. g3 d5 4. Bg2 dxc4 5. Qa4+ Bd7 6. Qxc4 Bc6 7. 0-0 Nbd7 8. d3 Be7 9. b3 0-0 10. Bb2 Nb6 11. Qc2 Bxf3 12. Bxf3 c6 13. Nd2 Nfd5 14. a3 Re8 15. Rfd1 Bf8 16. d4 Rc8 17. b4 Qg5 18. Rac1 f5 19. Qb3 a6 20. e4 fxe4 21. Nxe4 Qg6 22. Re1 Rc7 23. h4 h6 24. Qd1 Nf6 25. h5 Qf7 26. Qe2 Nbd5 27. Nd2 Rd7 28. Nc4 Bd6 29. Rcd1 Bc7 30. Rd3 Rde7 31. Ne5 Bxe5 32. dxe5 Nh7 33. Be4 Rc8 34. Bg6 Qf8 35. Bd4 b6 36. Rc1 Qd8 37. Qg4 Nf8 38. Bxb6 Qxb6 39. Rxd5 exd5 40. Qxc8 Rxe5 41. Qxc6 Qd8 42. Qxa6 Qg5 43. Rc8 1-0

[Event "Cipolletti"]
[Site "Cipolletti"]
[Date "1993.??.??"]
[Round "1"]
[White "Rossetto, Hector"]
[Black "Carmona Rosales, Jose Luis"]
[Result "1-0"]
[WhiteElo "2295"]
[BlackElo "2205"]
[PlyCount "103"]
[EventDate "1993.??.??"]
[EventType "tourn"]
[EventRounds "11"]
[EventCountry "ARG"]
[SourceTitle "EXT 1998"]
[Source "ChessBase"]
[SourceDate "1997.11.17"]
[SourceVersion "1"]
[SourceVersionDate "1997.11.17"]
[SourceQuality "1"]

1. d4 d5 2. Nf3 e6 3. e3 f5 4. Be2 Bd6 5. b3 c6 6. 0-0 Nd7 7. Bb2 Nh6 8. Ne5 0-0 9. Nd2 Nxe5 10. dxe5 Be7 11. c4 b6 12. Qc2 Bb7 13. Rad1 Qe8 14. Nf3 c5 15. Ne1 Rd8 16. Bf3 Nf7 17. g3 Ng5 18. Bg2 Qh5 19. Rd2 Ne4 20. Qd1 Qxd1 21. Rxd1 dxc4 22. Nc2 c3 23. Bc1 b5 24. f3 Ng5 25. h4 Nf7 26. f4 Bxg2 27. Kxg2 b4 28. Kf3 Nh6 29. h5 a5 30. Rg1 Kf7 31. e4 Ng4 32. Ne3 Nxe3 33. Bxe3 a4 34. exf5 exf5 35. Ke2 Ke6 36. g4 axb3 37. axb3 c4 38. bxc4 b3 39. Ra1 Ra8 40. Kd3 Bb4 41. gxf5+ Kxf5 42. Rg5+ Ke6 43. f5+ Kf7 44. Rag1 Rfd8+ 45. Ke4 Bf8 46. e6+ Ke8 47. h6 c2 48. hxg7 Bxg7 49. Rxg7 Rd1 50. Rg8+ Ke7 51. Bc5+ Kf6 52. R1g6+ 1-0

[Event "ARG-ch"]
[Site "La Plata"]
[Date "1992.??.??"]
[Round "?"]
[White "Panno, Oscar"]
[Black "Rossetto, Hector"]
[Result "1/2-1/2"]
[WhiteElo "2465"]
[BlackElo "2295"]
[PlyCount "85"]
[EventDate "1992.??.??"]
[EventType "tourn"]
[EventRounds "11"]
[EventCountry "ARG"]
[EventCategory "7"]
[SourceTitle "EXT 1997"]
[Source "ChessBase"]
[SourceDate "1996.11.15"]
[SourceVersion "1"]
[SourceVersionDate "1996.11.15"]
[SourceQuality "1"]

1. c4 g6 2. e4 Bg7 3. d4 d6 4. Nc3 Nd7 5. Nf3 e6 6. g3 b6 7. Bg2 Bb7 8. 0-0 Ne7 9. Re1 0-0 10. Rb1 e5 11. b3 Re8 12. Bb2 Nc6 13. Nd5 a5 14. Rc1 Bh6 15. Ra1 Bc8 16. a3 Nf8 17. Ne3 Bg7 18. Re2 Rb8 19. Bc3 exd4 20. Nxd4 Nxd4 21. Bxd4 Ne6 22. Bxg7 Kxg7 23. h4 h5 24. Raa2 Bb7 25. Red2 Nc5 26. Nd5 Bxd5 27. cxd5 Qf6 28. b4 axb4 29. axb4 Nd7 30. Rac2 Ra8 31. Ra2 Rxa2 32. Rxa2 Ne5 33. Qb3 Ng4 34. Qb2 Qxb2 35. Rxb2 Ra8 36. Rc2 Ra7 37. Bf1 Kf6 38. Bd3 Ke5 39. Rc4 Kf6 40. Be2 Ne5 41. Rc2 Ra4 42. Rxc7 Rxb4 43. f4 1/2-1/2

[Event "ARG-ch"]
[Site "La Plata"]
[Date "1992.??.??"]
[Round "?"]
[White "Rossetto, Hector"]
[Black "Adla, Diego Gustavo"]
[Result "1-0"]
[WhiteElo "2295"]
[BlackElo "2435"]
[PlyCount "59"]
[EventDate "1992.??.??"]
[EventType "tourn"]
[EventRounds "11"]
[EventCountry "ARG"]
[EventCategory "7"]
[SourceTitle "EXT 1997"]
[Source "ChessBase"]
[SourceDate "1996.11.15"]
[SourceVersion "1"]
[SourceVersionDate "1996.11.15"]
[SourceQuality "1"]

1. d4 Nf6 2. Nf3 e6 3. e3 b6 4. Bd3 Bb7 5. Nbd2 c5 6. 0-0 Be7 7. b3 Nc6 8. Bb2 Rc8 9. a3 0-0 10. Qe2 Re8 11. Rfd1 d6 12. c4 Bf8 13. Ne4 cxd4 14. exd4 d5 15. Nxf6+ Qxf6 16. c5 a5 17. Qd2 bxc5 18. dxc5 e5 19. b4 axb4 20. axb4 Qd8 21. Bf5 Rc7 22. Bc2 e4 23. Nd4 Ne5 24. Qf4 Ng6 25. Qg3 Bc8 26. Ra8 Rb7 27. Ba3 Ne5 28. Ba4 Ree7 29. Nc6 Nxc6 30. Bxc6 1-0

[Event "ARG-ch"]
[Site "La Plata"]
[Date "1992.??.??"]
[Round "?"]
[White "Rossetto, Hector"]
[Black "Rosito, Jorge"]
[Result "1/2-1/2"]
[WhiteElo "2295"]
[BlackElo "2345"]
[PlyCount "110"]
[EventDate "1992.??.??"]
[EventType "tourn"]
[EventRounds "11"]
[EventCountry "ARG"]
[EventCategory "7"]
[SourceTitle "EXT 1997"]
[Source "ChessBase"]
[SourceDate "1996.11.15"]
[SourceVersion "1"]
[SourceVersionDate "1996.11.15"]
[SourceQuality "1"]

1. d4 Nf6 2. c4 e6 3. Nf3 c5 4. g3 cxd4 5. Nxd4 d5 6. Bg2 e5 7. Nb3 d4 8. 0-0 Nc6 9. Bg5 Be7 10. e3 Bg4 11. Bf3 Bxf3 12. Qxf3 0-0 13. N1d2 h6 14. Bxf6 Bxf6 15. Rfd1 Qb6 16. Ne4 Be7 17. exd4 exd4 18. Qf5 Rad8 19. Qb5 Qc7 20. Rac1 Ne5 21. f4 Ng4 22. Rd3 a6 23. Qh5 f5 24. Nf2 Ne3 25. Qf3 Bf6 26. c5 Rfe8 27. Rd2 g5 28. fxg5 hxg5 29. Nd3 Re4 30. Rf2 g4 31. Qh1 Bg5 32. Rxf5 Nxf5 33. Qxe4 Bxc1 34. Qxg4+ Ng7 35. Nbxc1 Qe7 36. Qf3 Ne6 37. Kg2 Ng5 38. Qf5 Rf8 39. Qd5+ Ne6 40. Nf4 Re8 41. Ncd3 Qf7 42. Nxe6 Qxe6 43. Qxd4 Qxa2 44. Nf4 Qb3 45. h4 Re3 46. Qd8+ Kf7 47. Qd7+ Kg8 48. Qg4+ Kf8 49. Qf5+ Ke8 50. Qg6+ Qf7 51. Qh6 Qb3 52. Qg7 Qc2+ 53. Kh3 Qf5+ 54. Kh2 Qc2+ 55. Kh3 Qf5+ 1/2-1/2

[Event "ARG-ch"]
[Site "La Plata"]
[Date "1992.??.??"]
[Round "?"]
[White "Servat, Roberto"]
[Black "Rossetto, Hector"]
[Result "1-0"]
[WhiteElo "2395"]
[BlackElo "2295"]
[PlyCount "83"]
[EventDate "1992.??.??"]
[EventType "tourn"]
[EventRounds "11"]
[EventCountry "ARG"]
[EventCategory "7"]
[SourceTitle "EXT 1997"]
[Source "ChessBase"]
[SourceDate "1996.11.15"]
[SourceVersion "1"]
[SourceVersionDate "1996.11.15"]
[SourceQuality "1"]

1. e4 e5 2. Nf3 Nc6 3. Bb5 Bc5 4. 0-0 Nf6 5. c3 Bb6 6. Re1 d6 7. d4 0-0 8. a4 a6 9. Bxc6 bxc6 10. Bg5 h6 11. Bh4 g5 12. Bg3 Nxe4 13. Rxe4 f5 14. Re1 f4 15. a5 Ba7 16. dxe5 fxg3 17. hxg3 g4 18. e6 Qf6 19. e7 Bxf2+ 20. Kxf2 Re8 21. Qd4 Qf7 22. Nbd2 gxf3 23. Ne4 Rxe7 24. Nf6+ Kf8 25. gxf3 Be6 26. Qh4 Qg6 27. Re4 Rb8 28. b4 Rb5 29. Rae1 Kf7 30. Rf4 Rf5 31. Rxf5 Qxf5 32. Ng8 Kxg8 33. Qxe7 Bd5 34. Qe8+ Kg7 35. Qe7+ Bf7 36. Qe4 Qh5 37. Qg4+ Qxg4 38. fxg4 Kf6 39. Kf3 Kg5 40. Re7 Bd5+ 41. Kf2 Kxg4 42. Rxc7 1-0

[Event "Buenos Aires Konex"]
[Site "Buenos Aires"]
[Date "1991.??.??"]
[Round "6"]
[White "Rossetto, Hector"]
[Black "Llanos, Guillermo"]
[Result "0-1"]
[WhiteElo "2310"]
[BlackElo "2385"]
[PlyCount "90"]
[EventDate "1991.03.??"]
[EventType "swiss"]
[EventRounds "9"]
[EventCountry "ARG"]
[SourceTitle "EXT 2000"]
[Source "ChessBase"]
[SourceDate "1999.11.16"]
[SourceVersion "1"]
[SourceVersionDate "1999.11.16"]
[SourceQuality "1"]

1. d4 Nf6 2. Bg5 Ne4 3. Bf4 d5 4. Nd2 Bf5 5. Nxe4 Bxe4 6. f3 Bg6 7. e3 e6 8. Bd3 Bd6 9. Ne2 c5 10. c3 Nc6 11. 0-0 0-0 12. Bxg6 hxg6 13. Qb3 Bxf4 14. Nxf4 Na5 15. Qc2 Nc4 16. Rfe1 cxd4 17. exd4 Rc8 18. Re2 Rc6 19. Rae1 Qc7 20. Nd3 Rc8 21. Ne5 Nxe5 22. Rxe5 b5 23. a3 a5 24. h4 b4 25. axb4 axb4 26. h5 gxh5 27. Rxh5 g6 28. Rh4 Qg3 29. Qf2 Qxf2+ 30. Kxf2 bxc3 31. bxc3 Rxc3 32. Reh1 Kf8 33. Rh7 Ke7 34. R1h4 Rc2+ 35. Kg3 Rd2 36. Rf4 Rf8 37. Rg7 Rd1 38. Kh2 Rc1 39. g4 Rc4 40. Kg3 e5 41. dxe5 Rxf4 42. Kxf4 Rh8 43. Kg5 d4 44. f4 d3 45. e6 d2 0-1

[Event "Buenos Aires MEPH"]
[Site "Buenos Aires"]
[Date "1989.??.??"]
[Round "5"]
[White "Panno, Oscar"]
[Black "Rossetto, Hector"]
[Result "1-0"]
[WhiteElo "2495"]
[BlackElo "2310"]
[PlyCount "49"]
[EventDate "1989.??.??"]
[EventType "tourn"]
[EventRounds "7"]
[EventCountry "ARG"]
[EventCategory "4"]
[SourceTitle "EXT 1997"]
[Source "ChessBase"]
[SourceDate "1996.11.15"]
[SourceVersion "1"]
[SourceVersionDate "1996.11.15"]
[SourceQuality "1"]

1. c4 e6 2. Nc3 d5 3. d4 Nf6 4. Bg5 Be7 5. e3 0-0 6. Nf3 Nbd7 7. Rc1 c6 8. Bd3 h6 9. Bh4 dxc4 10. Bxc4 b5 11. Bd3 a6 12. a4 bxa4 13. Nxa4 Qa5+ 14. Nd2 Bb4 15. Nc3 c5 16. Nb3 Qd8 17. 0-0 cxd4 18. Nxd4 Bb7 19. Be4 Bxe4 20. Nxe4 Qb6 21. Nxf6+ Nxf6 22. Bxf6 gxf6 23. Rc6 Qb8 24. Qh5 Kh7 25. Nf5 1-0

[Event "Colonia op"]
[Site "Colonia"]
[Date "1985.??.??"]
[Round "?"]
[White "Izquierdo, Daniel"]
[Black "Rossetto, Hector"]
[Result "1/2-1/2"]
[WhiteElo "2200"]
[BlackElo "2360"]
[PlyCount "108"]
[EventDate "1985.??.??"]
[EventType "swiss"]
[EventRounds "9"]
[EventCountry "URU"]
[SourceTitle "EXT 2004"]
[Source "ChessBase"]
[SourceDate "2003.11.25"]
[SourceVersion "1"]
[SourceVersionDate "2003.11.25"]
[SourceQuality "1"]

1. e4 Nc6 2. Nc3 e5 3. Bc4 Nf6 4. Nf3 Be7 5. d3 d6 6. h3 Be6 7. Bb3 0-0 8. 0-0 Bxb3 9. axb3 Re8 10. Re1 h6 11. Nh2 Qd7 12. Ne2 d5 13. exd5 Nxd5 14. Ra4 f5 15. Ng3 b5 16. Ra1 Bh4 17. Ngf1 Bf6 18. c3 a5 19. Qh5 Nde7 20. Re3 f4 21. Rf3 Qf5 22. Qxf5 Nxf5 23. g3 g5 24. Nd2 Bg7 25. Ne4 Nd6 26. Bd2 Nxe4 27. dxe4 Red8 28. Be1 h5 29. Kf1 Rd7 30. Ke2 Rad8 31. g4 h4 32. Nf1 Bf8 33. Rc1 Bc5 34. Rc2 a4 35. bxa4 bxa4 36. Rd2 Bd6 37. Rfd3 Na5 38. Rc2 Nb3 39. f3 Bc5 40. Rxd7 Rxd7 41. Nd2 Na5 42. Bf2 Bxf2 43. Kxf2 Kf7 44. Ke2 Ke6 45. Nb1 Rd6 46. Na3 Nb3 47. Nc4 Rc6 48. Nd2 Na5 49. Rc1 Rd6 50. Rb1 Kd7 51. b4 axb3 52. Nxb3 Nc4 53. Nc5+ Kc8 54. Nd3 Rb6 1/2-1/2

[Event "Casilda"]
[Site "Casilda"]
[Date "1984.??.??"]
[Round "5"]
[White "Panno, Oscar"]
[Black "Rossetto, Hector"]
[Result "1/2-1/2"]
[WhiteElo "2515"]
[BlackElo "2360"]
[PlyCount "37"]
[EventDate "1984.??.??"]
[EventType "tourn"]
[EventRounds "11"]
[EventCountry "ARG"]
[EventCategory "4"]
[SourceTitle "MCD"]
[Source "ChessBase"]
[SourceDate "1999.07.01"]
[SourceVersion "1"]
[SourceVersionDate "1999.07.01"]
[SourceQuality "1"]

1. c4 Nf6 2. Nf3 e6 3. g3 d5 4. Bg2 Be7 5. 0-0 0-0 6. b3 c6 7. Qc2 Nbd7 8. Bb2 b6 9. d3 Bb7 10. e4 Rc8 11. Nbd2 Qc7 12. e5 Ne8 13. Rae1 Qb8 14. Re2 Nc7 15. h4 Rfd8 16. h5 a5 17. a3 Qa8 18. Ra1 c5 19. Ne1 1/2-1/2

[Event "Casilda"]
[Site "Casilda"]
[Date "1984.??.??"]
[Round "11"]
[White "Rossetto, Hector"]
[Black "Dienavorian Lacherian, Manuel"]
[Result "1-0"]
[WhiteElo "2360"]
[BlackElo "2280"]
[PlyCount "90"]
[EventDate "1984.??.??"]
[EventType "tourn"]
[EventRounds "11"]
[EventCountry "ARG"]
[EventCategory "4"]
[SourceTitle "MCD"]
[Source "ChessBase"]
[SourceDate "1999.07.01"]
[SourceVersion "1"]
[SourceVersionDate "1999.07.01"]
[SourceQuality "1"]

1. d4 Nf6 2. Bg5 d5 3. Nf3 c6 4. e3 h6 5. Bxf6 exf6 6. Bd3 Bd6 7. Nbd2 0-0 8. c4 dxc4 9. Nxc4 Bb4+ 10. Kf1 Be7 11. h3 Nd7 12. Qd2 Nb6 13. Na5 Bd6 14. b4 Qe7 15. a3 Be6 16. Qc2 Rfe8 17. e4 Rad8 18. Nb3 Bc8 19. g3 Nd7 20. Kg2 Nf8 21. Rad1 Bc7 22. Rhe1 Bb6 23. Bf1 Ne6 24. Kg1 Ng5 25. Nxg5 hxg5 26. Re3 f5 27. exf5 Qf6 28. g4 Qd6 29. Bg2 Bc7 30. Rde1 Rf8 31. Rg3 a5 32. bxa5 Qxa3 33. Rd3 Qb4 34. Ra1 Qd6 35. Nd2 Rfe8 36. Nf3 Qf4 37. Qd2 Re4 38. Qxf4 Bxf4 39. Rc3 Re7 40. Bf1 g6 41. fxg6 fxg6 42. a6 bxa6 43. Bxa6 Be6 44. Bc4 Kf7 45. Ra6 Rd6 1-0

[Event "Asuncion"]
[Site "Asuncion"]
[Date "1983.??.??"]
[Round "8"]
[White "Braga, Fernando Alberto"]
[Black "Rossetto, Hector"]
[Result "0-1"]
[WhiteElo "2440"]
[BlackElo "2360"]
[PlyCount "80"]
[EventDate "1983.??.??"]
[EventType "tourn"]
[EventRounds "13"]
[EventCountry "PAR"]
[EventCategory "4"]
[SourceTitle "EXT 2003"]
[Source "ChessBase"]
[SourceDate "2002.11.25"]
[SourceVersion "1"]
[SourceVersionDate "2002.11.25"]
[SourceQuality "1"]

1. e4 Nc6 2. d4 e5 3. dxe5 Nxe5 4. f4 Ng6 5. Nf3 Bc5 6. Bc4 d6 7. f5 Ne5 8. Bb3 Qe7 9. Qe2 Nxf3+ 10. gxf3 Qh4+ 11. Kd1 Ne7 12. Be3 Bxe3 13. Qxe3 0-0 14. Nc3 c6 15. Rg1 Bxf5 16. exf5 Nxf5 17. Qd2 Rae8 18. a4 d5 19. a5 Re3 20. Ra4 d4 21. Ne4 Rxf3 22. Ng3 Ne3+ 23. Kc1 c5 24. Qe2 Qf4 25. Nh5 Rf1+ 26. Rxf1 Qxf1+ 27. Qxf1 Nxf1 28. c3 Rd8 29. cxd4 cxd4 30. h4 g6 31. Nf6+ Kg7 32. Nd5 Ng3 33. Kd2 Ne4+ 34. Kc2 d3+ 35. Kxd3 Nc5+ 36. Kd4 Nxb3+ 37. Ke5 Rd7 38. h5 Nc5 39. Rh4 Nd3+ 40. Ke4 f5+ 0-1

[Event "Asuncion"]
[Site "Asuncion"]
[Date "1983.??.??"]
[Round "13"]
[White "Rossetto, Hector"]
[Black "Milos, Gilberto"]
[Result "1/2-1/2"]
[WhiteElo "2360"]
[BlackElo "2380"]
[PlyCount "25"]
[EventDate "1983.??.??"]
[EventType "tourn"]
[EventRounds "13"]
[EventCountry "PAR"]
[EventCategory "4"]
[SourceTitle "EXT 2003"]
[Source "ChessBase"]
[SourceDate "2002.11.25"]
[SourceVersion "1"]
[SourceVersionDate "2002.11.25"]
[SourceQuality "1"]

1. d4 Nf6 2. Nf3 e6 3. c4 b6 4. g3 Bb7 5. Bg2 Be7 6. 0-0 0-0 7. Nc3 Ne4 8. Qc2 Nxc3 9. Qxc3 f5 10. Rd1 Bf6 11. Qc2 Be4 12. Qd2 Nc6 13. e3 1/2-1/2

[Event "Asuncion"]
[Site "Asuncion"]
[Date "1983.??.??"]
[Round "10"]
[White "Trois, Francisco R Torres"]
[Black "Rossetto, Hector"]
[Result "1-0"]
[WhiteElo "2395"]
[BlackElo "2360"]
[PlyCount "123"]
[EventDate "1983.??.??"]
[EventType "tourn"]
[EventRounds "13"]
[EventCountry "PAR"]
[EventCategory "4"]
[SourceTitle "EXT 2003"]
[Source "ChessBase"]
[SourceDate "2002.11.25"]
[SourceVersion "1"]
[SourceVersionDate "2002.11.25"]
[SourceQuality "1"]

1. Nf3 d5 2. d4 Nf6 3. c4 e6 4. g3 c6 5. Qc2 Nbd7 6. Bg2 Be7 7. 0-0 Ne4 8. b3 0-0 9. Bb2 f5 10. e3 Qe8 11. Nc3 Qh5 12. Ne2 g5 13. Ne1 Ndf6 14. f3 Nd6 15. Nd3 Bd7 16. Rae1 Rac8 17. c5 Nf7 18. Nf2 Nh6 19. b4 Kh8 20. Nc3 Rce8 21. Nd3 Bd8 22. Ne5 Re7 23. Qe2 Qe8 24. Qd2 Rg8 25. e4 Qf8 26. Rf2 Be8 27. exd5 exd5 28. Rfe2 a6 29. Bc1 Nf7 30. Qd3 Nh6 31. Nd1 Nd7 32. Nf2 Nxe5 33. dxe5 Re6 34. Qe3 Bg6 35. Kh1 Nf7 36. f4 h6 37. Nd1 Bh5 38. Bf3 Bxf3+ 39. Qxf3 Bc7 40. Bb2 Rg7 41. Qd3 Nd8 42. Ne3 Rf7 43. Nc2 g4 44. Nd4 h5 45. h3 Kg8 46. hxg4 hxg4 47. Nxe6 Rh7+ 48. Rh2 Nxe6 49. Ree2 a5 50. a3 axb4 51. axb4 Kg7 52. Qc2 Rxh2+ 53. Rxh2 Kg6 54. Rh4 Bd8 55. Rh2 Be7 56. Qa4 Qd8 57. Kg1 Qd7 58. Qc2 b6 59. Rh1 d4 60. Qh2 Ng7 61. Qh7+ Kf7 62. Rh6 1-0

[Event "ARG-ch55"]
[Site "Quilmes"]
[Date "1980.05.29"]
[Round "2"]
[White "Rossetto, Hector"]
[Black "Bronstein, Luis Marcos"]
[Result "1/2-1/2"]
[WhiteElo "2410"]
[BlackElo "2420"]
[PlyCount "41"]
[EventDate "1980.05.28"]
[EventType "swiss"]
[EventRounds "13"]
[EventCountry "ARG"]
[SourceTitle "MCL"]
[Source "ChessBase"]
[SourceDate "1999.07.01"]
[SourceVersion "1"]
[SourceVersionDate "1999.07.01"]
[SourceQuality "1"]

1. d4 Nf6 2. c4 c5 3. e3 g6 4. Nf3 Bg7 5. Nc3 0-0 6. Be2 cxd4 7. exd4 d5 8. 0-0 Nc6 9. h3 b6 10. Re1 Bb7 11. Bg5 Rc8 12. Rc1 dxc4 13. Bxc4 Na5 14. Bf1 h6 15. Bf4 Nd5 16. Nxd5 Bxd5 17. Rxc8 Qxc8 18. Rxe7 Nc6 19. Re1 Qf5 20. Be5 Bxf3 21. Qxf3 1/2-1/2